LIBRARY ONLINE CATALOGUE

Religion in Western society / (Record no. 4744)

MARC details
000 -LEADER
fixed length control field 00626cam a22002052 4500
001 - CONTROL NUMBER
control field 0000000174
005 - DATE AND TIME OF LATEST TRANSACTION
control field 20151217151745.0
008 - FIXED-LENGTH DATA ELEMENTS--GENERAL INFORMATION
fixed length control field 070112s xx 000 0 eng d
020 ## - INTERNATIONAL STANDARD BOOK NUMBER
International Standard Book Number 0333945921 :
040 ## - CATALOGING SOURCE
Original cataloging agency KABU
Transcribing agency KABU
100 1# - MAIN ENTRY--PERSONAL NAME
Personal name Hunt, Stephen.
-- 0000148250
245 10 - TITLE STATEMENT
Title Religion in Western society /
Statement of responsibility, etc. Stephen Hunt.
260 ## - PUBLICATION, DISTRIBUTION, ETC. (IMPRINT)
Place of publication, distribution, etc. Houndsmills :
Name of publisher, distributor, etc. Palgrave,
Date of publication, distribution, etc. 2002.
300 ## - PHYSICAL DESCRIPTION
Extent vii, 235 p.
650 #0 - SUBJECT ADDED ENTRY--TOPICAL TERM
Topical term or geographic name as entry element Religion and sociology
Geographic subdivision Developed countries.
-- 0000148251
908 ## - PUT COMMAND PARAMETER (RLIN)
Put command parameter 070112
950 ## - LOCAL HOLDINGS (RLIN)
-- 1
Holdings
Withdrawn status Lost status Source of classification or shelving scheme Not for loan Home library Current library Date acquired Total Checkouts Full call number Barcode Date last seen Date last checked out Price effective from Koha item type
    Library of Congress Classification   Kabarak, Main Campus Kabarak, Main Campus 17/12/2015 2 BL60 .H86 2002 c. 1 000177 02/08/2024 09/09/2019 17/12/2015 General Collection
    Library of Congress Classification   Kabarak, Main Campus Kabarak, Main Campus 17/12/2015   BL60 .H86 2002 c. 2 016155 02/08/2024   17/12/2015 General Collection